Histoire du Droit de l'Environnement - Statistiques

Statistiques générales
  • Ce quiz a été pris 4 fois
  • Le résultat moyen est 12 sur 19
Statistiques - réponses
Hint Réponse % Correct
Ordonnance par Colbert pour l'encadrement centralisé de la sylviculture 1669
100%
Décret impérial relatif aux Manufactures et Ateliers qui répandent une odeur insalubre ou incommode (naissance du principe pollueur-payeur) 1810
75%
Loi portant la création des Parcs Nationaux 1960
75%
Loi portant la création du Conservatoire du Littoral 1975
75%
Loi sur l'Eau 1992
75%
Loi sur la protection et la mise en valeur du paysage 1993
75%
Loi relative à la prévention des risques technologiques 2003
75%
Charte de l'Environnement 2005
75%
Loi sur l'Eau et les Milieux Aquatiques 2006
75%
Loi portant la création des Parcs Naturels Régionaux 1967
50%
Loi relative à la protection de la nature (texte fondateur) 1976
50%
Loi relative au développement et à la protection de la montagne (Loi Montagne I) 1985
50%
Loi sur l'Air et l'utilisation rationnelle de l'énergie 1996
50%
Code de l'Environnement 2000
50%
Loi Grenelle I 2009
50%
Loi Grenelle II 2010
50%
Loi pour la reconquête de la biodiversité, de la nature et des paysages 2016
50%
Loi portant lutte contre le réchauffement climatique et renforcement de la résilience face à ses effets 2021
50%
Ordonnance de Brunois pour la création de l'administration des Eaux et des Forêts 1346
25%
Aucun quiz correspondant
Distribution des résultats
% des personnes avec chaque résultat
Percentile par nombre de réponses
Votre historique - résultats
Vous n’avez pas pris ce quiz